Математический театр (Запись № 13537976)

Подробности
000 -МАРКЕР
контрольное поле 03820nam0a2200421 4500
001 - ИДЕНТИФИКАТОР ЗАПИСИ
контрольное поле RU\NLR\BIBL_A\012922619
005 - ИДЕНТИФИКАТОР ВЕРСИИ
контрольное поле 20260127163353.0
010 ## - МЕЖДУНАРОДНЫЙ СТАНДАРТНЫЙ НОМЕР КНИГИ (ISBN)
Номер (ISBN) 978-5-93549-066-9
Тираж 3000
021 ## - НОМЕР ГОСУДАРСТВЕННОЙ РЕГИСТРАЦИИ
Код страны Российская Федерация
Номер КН-П-22-062473
Номер Листа государственной регистраци КН-П-22-5411
035 ## - ДРУГИЕ СИСТЕМНЫЕ НОМЕРА
Идентификатор записи (NLR Aleph) 012922619
035 ## - ДРУГИЕ СИСТЕМНЫЕ НОМЕРА
Идентификатор записи (RuMoRGB)011208225
100 ## - ДАННЫЕ ОБЩЕЙ ОБРАБОТКИ
Данные общей обработки 20221027d2022 u y0rusy50 ca
101 0# - ЯЗЫК РЕСУРСА
Язык текста, звукозаписи и т.д. русский
102 ## - СТРАНА ПУБЛИКАЦИИ ИЛИ ПРОИЗВОДСТВА
Страна публикации Российская Федерация
105 ## - ПОЛЕ КОДИРОВАННЫХ ДАННЫХ: ТЕКСТОВЫЕ МАТЕРИАЛЫ, МОНОГРАФИЧЕСКИЕ
Кодированные данные о монографическом текстовом документе a j 000zy
181 #0 - ПОЛЕ КОДИРОВАННЫХ ДАННЫХ: ВИД СОДЕРЖАНИЯ
Код вида содержания (ISBD) i3
Код характеристики содержания (ISBD) axxe
182 #0 - ПОЛЕ КОДИРОВАННЫХ ДАННЫХ: ТИП СРЕДСТВА
Код типа средства (ISBD) n - непосредственное
200 1# - ЗАГЛАВИЕ И СВЕДЕНИЯ ОБ ОТВЕТСТВЕННОСТИ
Основное заглавие Математический театр
Сведения, относящиеся к заглавию II ступень курса "Олимпиадная математика" для 3-9 классов
-- учебное пособие
Первые сведения об ответственности Л. Г. Петерсон, О. Н. Агаханова
Последующие сведения об ответственности Институт системно-деятельностной педагогики Петерсон
203 ## - ВИД СОДЕРЖАНИЯ И ТИП СРЕДСТВА
Вид содержания Текст
Дополнительные сведения об издании визуальный
Тип средства непосредственный
210 ## - ПУБЛИКАЦИЯ, РАСПРОСТРАНЕНИЕ И ДР.
Место издания, распространения и т.д. Москва
Имя издателя, распространителя и т. д. Институт СДП
Дата издания, распространения и т.д. 2022
215 ## - ФИЗИЧЕСКАЯ ХАРАКТЕРИСТИКА
Специфическое обозначение материала и объем 128 с.
Другие сведения о физической характеристике ил., цв. ил.
Размеры 26
225 1# - СЕРИЯ
Основное заглавие серии Образовательная система Л. Г. Петерсон "Учусь учиться"
225 1# - СЕРИЯ
Основное заглавие серии Проект Института СДП "Олимпиадная математика"
225 1# - СЕРИЯ
Основное заглавие серии Олимпиадная математика
330 ## - РЕЗЮМЕ ИЛИ РЕФЕРАТ
Текст примечания Учебное пособие является второй ступенью непрерывного учебно-методического комплекса олимпиадной подготовки учащихся 3-9 классов по математике, который создаётся в настоящее время в НОУ ДПО "Институт системно-деятельностной педагогики" (Институт СДП). Данный комплекс направлен на повышение уровня подготовки к математическим олимпиадам и знаний по математике в целом за счёт системности, качественного контента, вовлечения детей в математическое творчество, развития у них интереса и интеллектуальных способностей, умения преодолевать трудности, переживания радости индивидуальных и коллективных побед. Пособие методически обеспечено разбором и полным решением каждого задания, подробными сценариями всех занятий в новой технологии "Математический театр", которые бесплатно можно скачать на сайте www.sch2000.ru. Институт СДП системно проводит курсовую подготовку, вебинары, консультации для учителей, обучающие математические олимпиады для школьников
606 1# - НАИМЕНОВАНИЕ ТЕМЫ КАК ПРЕДМЕТ
Наименование темы Математика
Формальный подзаголовок Учебные издания
Тематический подзаголовок Задачи
-- Решение
Системный номер авторитетной/нормативной записи 2078426
Идентификатор авторитетной/нормативной записи RU\NLR\AUTH\661254281
606 1# - НАИМЕНОВАНИЕ ТЕМЫ КАК ПРЕДМЕТ
Наименование темы Математика
Формальный подзаголовок Учебные издания
Тематический подзаголовок Олимпиады школьные
-- Подготовка к ним
Системный номер авторитетной/нормативной записи 2532258
Идентификатор авторитетной/нормативной записи RU\NLR\AUTH\6601713588
675 ## - УНИВЕРСАЛЬНАЯ ДЕСЯТИЧНАЯ КЛАССИФИКАЦИЯ (UDC/УДК)
Индекс 373.167.1:51
Издание 4
675 ## - УНИВЕРСАЛЬНАЯ ДЕСЯТИЧНАЯ КЛАССИФИКАЦИЯ (UDC/УДК)
Индекс 51(075.2)
Издание 4
686 1# - ИНДЕКСЫ ДРУГИХ КЛАССИФИКАЦИЙ
Индекс В10я7-42
686 1# - ИНДЕКСЫ ДРУГИХ КЛАССИФИКАЦИЙ
Индекс Ч426.24-382.61я7
700 #1 - ИМЯ ЛИЦА - ПЕРВИЧНАЯ ОТВЕТСТВЕННОСТЬ
Графика поля Кириллица
Материалы, к которым относится поле rus
Начальный элемент ввода Петерсон
Часть имени, кроме начального элемента ввода Л. Г.
Даты 1950-
Расширение инициалов личного имени Людмила Георгиевна
Системный номер авторитетной/нормативной записи 110863
Идентификатор авторитетной/нормативной записи RU\NLR\AUTH\77823
701 #1 - ИМЯ ЛИЦА - АЛЬТЕРНАТИВНАЯ ОТВЕТСТВЕННОСТЬ
Начальный элемент ввода Агаханова
Часть имени, кроме начального элемента ввода О. Н.
Расширение инициалов личного имени Ольга Назаровна
942 ## - ДОПОЛНИТЕЛЬНЫЕ ЭЛЕМЕНТЫ ЗАПИСИ (АБИС)
Тип экземпляра АБИС Книга
980 ## - КОЛЛЕКЦИЯ
Название коллекции Национальная библиография

Нет доступных экземпляров.